000 00890cam a22002655i 4500
001 19276316
003 ARRUPE
005 20170207145901.0
008 160916s2016 rh a b 000 0 eng
010 _a 2015334553
020 _a9781869143251
040 _aDLC
_beng
_cDLC
_erda
042 _alcode
100 1 _aHartnack, Andrew M. C.
_928543
245 1 0 _aOrdered estates :
_bwelfare, power and maternalism on Zimbabwe's (once white) highveld /
_cAndrew M.C. Hartnack.
260 _aHarare
_bWeaver Press
_c2016
300 _axx, 283 pages :
_billustrations ;
_c23 cm
504 _aIncludes bibliographical references.
650 _aZimbabwe
_xMigrant labor
_928544
650 _aAgriculture
_xLabor
_zZimbabwe
_928545
650 _aZimbabwe
_xSocial conditions
_926140
906 _a0
_bibc
_corigode
_d3
_encip
_f20
_gy-gencatlg
942 _2lcc
_cMONOGRAPH
999 _c126033
_d126033